Tous les Vice-Amiraux de One Piece Connus - Statistiques

Statistiques générales
  • Ce quiz a été pris 42 fois
    13 depuis la dernière actualisation
  • Le résultat moyen est 19 sur 36
Statistiques - réponses
Statut Vice-Amiral % Correct
Démission puis Instructeur Garp
91%
Actuel Smoker
91%
Actuel Tsuru
91%
Démission Sauro
82%
Actuel Dalmatien
73%
Actuel Momonga
73%
Promotion Akainu
64%
Promotion Aokiji
64%
Actuel Bastille
64%
Actuel Doberman
64%
Escouade des Géants John Giant
64%
Promotion Kizaru
64%
Actuel Maynard
64%
Promotion Sengoku
64%
Actuel Bluegrass
55%
Actuel Doll
55%
Promotion Kong
55%
Escouade des Géants Lacroix
55%
Actuel Onigumo
55%
Escouade des Géants Ronse
55%
Actuel Strawberry
55%
Mort T-Bone
55%
Actuel Cancer
45%
Actuel Komir
45%
Actuel Red King
45%
Actuel Stainless
45%
Mort Vergo
45%
Actuel Yamakaji
45%
Actuel Gion
36%
Actuel Mozambia
36%
Actuel Tokikake
36%
Actuel Draw
27%
Démission Ain
9%
Démission Binz
9%
Actuel Dohn Deynon
9%
Démission Shuzo
9%
Aucun quiz correspondant
Distribution des résultats
% des personnes avec chaque résultat
Percentile par nombre de réponses
Votre historique - résultats
Vous n’avez pas pris ce quiz depuis la dernière actualisation